| 000 | 00969cam a22002773a 4500 | ||
|---|---|---|---|
| 001 | 1560 | ||
| 003 | PGUSA | ||
| 005 | 20140828083003.0 | ||
| 008 | 060503s2006||||xxu|||||s|||||000 | eng d | ||
| 040 |
_aPGUSA _beng |
||
| 042 | _adc | ||
| 050 | 4 | _aF850.5 | |
| 100 | 1 |
_aMorris, Charles, _d1833-1922 |
|
| 245 | 1 | 4 |
_aThe San Francisco Calamity by Earthquake and Fire _h[electronic resource] / _cCharles Morris |
| 260 |
_bProject Gutenberg, _c2006 |
||
| 506 | _aPublic domain in the USA. | ||
| 516 | _aElectronic text | ||
| 653 | _aSan Francisco (Calif.) -- History -- 20th century | ||
| 653 | _aSan Francisco Earthquake and Fire, Calif., 1906 | ||
| 653 | _aSan Francisco (Calif.) -- Biography | ||
| 653 | _aFires -- California -- San Francisco -- History -- 20th century | ||
| 653 | _aEarthquakes -- California -- San Francisco -- History -- 20th century | ||
| 830 | 0 |
_aProject Gutenberg _v1560 |
|
| 856 | 4 | 0 | _uhttp://www.gutenberg.org/ebooks/1560 |
| 942 | _cEB | ||
| 999 |
_c230908 _d230908 |
||